000
00245nam a2200097Ia 4500
005
20251222114355.0
008
251222s1900||||xx |||||||||||||| ||spa||
082
_a
DVD0040/H31/2001/Ej.2
245
0
_a
Harry Potter y la piedra filosofal:
942
_c
DVD
999
_c
1391
_d
1391